| 000 | 00400nam a2200133Ia 4500 | ||
|---|---|---|---|
| 008 | 220216s9999 xx 000 0 und d | ||
| 100 |
_a _Ravindran D |
||
| 245 | 0 | _aIndian tyre industry: Brief overview and perspective on natural rubber-Present and emerging scenario | |
| 260 |
_bIndian Rubber Journal _c2006 |
||
| 300 | _a50-54 | ||
| 650 | _aNatural rubber | ||
| 650 | _aTyre industry | ||
| 942 | _cJS | ||
| 999 |
_c61113 _d61113 |
||